000 00399nam a2200133Ia 4500
008 220214s9999 xx 000 0 und d
022 _a0307-174x
245 0 _aINTERNATIONAL POLYMER SCIENCE AND TECHNOLOGY
260 _bRapra Technology Ltd., England
_aUK
500 _aEnding Volume & Year: 23, 1996
500 _aMissing Volume: 15;16;20
500 _aStarting Volume & Year: 1, 1974
942 _cBJ
999 _c4530
_d4530